Langues officielles par pays d'Europe - Statistiques

Statistiques générales
  • Ce quiz a été pris 931 fois
  • Le résultat moyen est 39 sur 45
Statistiques - réponses
Pays Langue % Correct
Allemagne Allemand
100%
Espagne Espagnol
96%
France Français
96%
Belgique Français / Néerlandais / Allemand
96%
Biélorussie Biélorusse / Russe
95%
Grèce Grec
95%
Irlande Irlandais / Anglais
95%
Italie Italien
95%
Croatie Croate
94%
Bulgarie Bulgare
93%
Danemark Danois / Groenlandais / Féroien
93%
Luxembourg Luxembourgeois / Français / Allemand
93%
Royaume-uni Anglais
92%
Monaco Français
92%
Hongrie Hongrois
92%
Pologne Polonais
92%
Portugal Portugais / Mirandais
92%
Russie Russe
92%
Albanie Albanais
91%
Islande Islandais
91%
Norvège Norvégien / Bokmål / Nynorsk / Same
91%
Roumanie Roumain
90%
Autriche Allemand
89%
Serbie Serbe
89%
Estonie Estonien
88%
Pays-Bas Néerlandais
88%
Suisse Allemand / Français / Italien / Romanche
87%
Lettonie Letton
87%
Suède Suédois / Finnois / Meänkieli / Same / Romani / Yiddish
87%
Slovaquie Slovaque
86%
Moldavie Roumain (ou Moldave)
85%
Finlande Finnois / Suédois
84%
Vatican Latin / Italien / Français / Allemand
84%
République-tchèque Tchèque
84%
Ukraine Ukrainien
84%
Liechtenstein Allemand
83%
Lituanie Lituanien
83%
Malte Maltais / Anglais
83%
Saint-Marin Italien
82%
Bosnie-Herzégovine Bosnien / Serbe / Croate
80%
Slovénie Slovène
77%
Macédoine du Nord Macédonien / Albanais
73%
Monténégro Monténégrin / Serbe / Bosnien / Croate / Albanais
71%
Kosovo Albanais / Serbe
70%
Andorre Catalan
58%
Aucun quiz correspondant
Distribution des résultats
% des personnes avec chaque résultat
Percentile par nombre de réponses
Votre historique - résultats
Vous n’avez pas pris ce quiz